MESTSKÁ KNIŽNICA GIRALTOVCE  - online katalóg 

Základy vědeckého komunismu (Record no. 15474)

000 -NÁVESTIE
fixed length control field 00863nam a2200229 a 4500
008 - ÚDAJE S PEVNOU DĹŽKOU – VŠEOBECNÉ INFORMÁCIE
fixed length control field 960126s1965||||[C 0 cze c
040 ## - ZDROJ KATALOGIZÁCIE
Pôvodná katalogizujúca agentúra SNK
Jazyk katalogizácie slo
Prepisujúca agentúra SNK
Konvencie popisu AACR2
041 1# - KÓD JAZYKA
Kód jazyka textu/zvukovej stopy alebo samostatných nápisov cze
080 ## - ČÍSLO MEDZINÁRODNÉHO DESATINNÉHO TRIEDENIA (MDT)
Číslo Medzinárodného desatinného triedenia (MDT) 141.82(075)
020 ## - MEDZINÁRODNÉ ŠTANDARDNÉ ČÍSLO KNIHY (ISBN)
Údaje o dostupnosti 17,60
044 ## - KÓD KRAJINY VYDAVATEĽA/PRODUCENTA
Kód krajiny MARC CZ
245 10 - NÁZOV
Názov Základy vědeckého komunismu
Zvyšok názvu Učební text pro posl. stranického vzdělávání ; Sest. [kol.] pod ved. Viktor Grigorievič Afanasiev ; Přel. Miroslav Mervart
250 ## - ÚDAJ O PORADÍ VYDANIA
Údaj o poradí vydania 1. vyd.
260 ## - VYDAVATEĽSKÉ ÚDAJE, DISTRIBÚCIA ATĎ.
Miesto publikovania, distribúcie atď. Praha
Dátum publikovania, distribúcie atď. 1965
Miesto výroby S.l.Rudé právo
Výrobca Rudé právo
Názov vydavateľa, distibútora atď. Nakladateství politické literatury
300 ## - FYZICKÝ POPIS
Rozsah 371, [9] s.
Rozmery
490 0# - EDÍCIA
Edícia Učebnice pro stř. stupeň stranického vzdělávání
500 ## - VŠEOBECNÁ POZNÁMKA
Formátovaná poznámka o obsahu Odkazy na lit. Obálka: Oldřich Pošmurný.
700 1# - PRIDANÝ VSTUP – OSOBNÉ MENO
Osobné meno Afanasiev, Viktor Grigorievič
Kód roly com
700 1# - PRIDANÝ VSTUP – OSOBNÉ MENO
Osobné meno Mervart, Miroslav
Kód roly trl
765 0# - VÄZBA NA PÔVODNÝ JAZYK
Názov Načalnyj kurs naučnogo kommunizma
958 ## - Formálny deskriptor
Formálny deskriptor A
Holdings
Stav stiahnutia (Blokovanie) (Withrawn status) Stav straty Stav poškodenia (Damaged status) Nie pre výpožičky (Not for loan) Spôsob nadobudnutia (Collection code) Trvalé umiestnenie Aktuálne umiestnenie Dátum nadobudnutia Náklady, bežná kúpna cena Inventárne číslo (prírastkové číslo) Full call number Dátum posledného výskytu Cena s účinnosťou od Typ jednotky Koha
Vyradený       Kúpa Mestská knižnica Giraltovce Mestská knižnica Giraltovce 2019-11-29 17.60 14499 K 052 2019-11-29 2019-11-29 Odborná literatúra pre dospelých

Powered by Koha